000 00386nam a22001697a 4500
003 OSt
005 20260414103230.0
008 260414b |||||||| |||| 00| 0 eng d
020 _a9781032459066
082 _a005.8 TIE
100 _aTILLER,James S
245 _aThe Ethical Hack
250 _a1st Ed.
260 _aNew Delhi
_bCRC Press
_c2025
300 _a322p
942 _2ddc
_cREF
999 _c13906
_d13906